000 00567nam a22001937a 4500
005 20241024103953.0
010 _aENG-142321
020 _c425.00
_a9789393734327
035 _aEN-125853
037 _bDBAD
082 _a658.8
100 _aJadon, Renu
_973321
245 _aMarket Orientation and Service Quality
_cRenu Jadon
250 _aFirst
260 _aKolkata
_bExceller Books
_c2022
270 _bKolkata
_aG1, Dream Apartment, Degree College Road, Belgharia,
_e700056
300 _a210p.
_c21cm(pbk)
942 _2ddc
_cEN
_h658.8
_mJAD
999 _c206665
_d206665